Grammys Record of the Year Nominees - Statistics

General Stats
  • This quiz has been taken 147 times
  • The average score is 163 of 361
Answer Stats
Year Record Answer % Correct
2025 "Texas Hold 'Em" Beyoncé
99%
2023 "Break My Soul" Beyoncé
99%
2021 "Black Parade" Beyoncé
99%
2017 "Formation" Beyoncé
99%
2010 "Halo" Beyoncé
99%
2008 "Irreplaceable" Beyoncé
99%
2001 "Say My Name" Beyoncé
99%
2021 "Savage" Megan Thee Stallion feat. Beyoncé
99%
2025 "Espresso" Sabrina Carpenter
96%
2024 "Anti-Hero" Taylor Swift
96%
2016 "Blank Space" Taylor Swift
96%
2015 "Shake It Off" Taylor Swift
96%
2013 "We Are Never Ever Getting Back Together" Taylor Swift
96%
2010 "You Belong with Me" Taylor Swift
96%
2011 "Need You Now" Lady A
95%
2010 "Poker Face" Lady Gaga
94%
2022 "I Get a Kick Out of You" Tony Bennett & Lady Gaga
94%
2025 "Birds of a Feather" Billie Eilish
93%
2024 "What Was I Made For?" Billie Eilish
93%
2022 "Happier Than Ever" Billie Eilish
93%
2021 "Everything I Wanted" Billie Eilish
93%
2020 "Bad Guy" Billie Eilish
93%
2025 "Not Like Us" Kendrick Lamar
92%
2023 "The Heart Part 5" Kendrick Lamar
92%
2018 "HUMBLE." Kendrick Lamar
92%
2022 "Leave the Door Open" Silk Sonic
92%
2023 "Easy on Me" Adele
91%
2017 "Hello" Adele
91%
2012 "Rolling in the Deep" Adele
91%
2009 "Chasing Pavements" Adele
91%
2011 "Nothin' on You" B.o.B feat. Bruno Mars
90%
2018 "24K Magic" Bruno Mars
90%
2014 "Locked Out of Heaven" Bruno Mars
90%
2012 "Grenade" Bruno Mars
90%
2016 "Uptown Funk" Mark Ronson feat. Bruno Mars
90%
2024 "Flowers" Miley Cyrus
88%
2012 "Firework" Katy Perry
86%
2024 "Vampire" Olivia Rodrigo
85%
2022 "Drivers License" Olivia Rodrigo
85%
2017 "Work" Rihanna feat. Drake
85%
2019 "God's Plan" Drake
84%
2009 "Viva la Vida" Coldplay
82%
2004 "Clocks" Coldplay
82%
2004 "Lose Yourself" Eminem
82%
2003 "Without Me" Eminem
82%
2020 "Old Town Road" Lil Nas X feat. Billy Ray Cyrus
82%
1989 "Man in the Mirror" Michael Jackson
82%
1984 "Beat It" Michael Jackson
82%
2025 "Fortnight" Taylor Swift feat. Post Malone
82%
2020 "7 Rings" Ariana Grande
81%
2011 "F*** You" CeeLo Green
81%
2021 "Circles" Post Malone
81%
2004 "Crazy In Love" Beyoncé feat. Jay-Z
80%
1993 "Achy Breaky Heart" Billy Ray Cyrus
80%
2008 "Umbrella" Rihanna feat. Jay-Z
80%
2025 "Now and Then" The Beatles
80%
1971 "Let It Be" The Beatles
80%
1969 "Hey Jude" The Beatles"
80%
1966 "Yesterday" The Beatles
80%
1965 "I Want to Hold Your Hand" The Beatles
80%
2010 "I Gotta Feeling" The Black Eyed Peas
80%
2005 "Let's Get It Started" The Black Eyed Peas
80%
2006 "Boulevard of Broken Dreams" Green Day
79%
2005 "American Idiot" Green Day
79%
2011 "Love the Way You Lie" Eminem feat. Rihanna
77%
2018 "The Story of O.J." Jay-Z
77%
2016 "Thinking Out Loud" Ed Sheeran
76%
1999 "My Heart Will Go On" Celine Dion
75%
1997 "Because You Loved Me" Celine Dion
75%
2018 "Despacito" Luis Fonsi & Daddy Yankee feat. Justin Bieber
75%
2015 "Chandelier" Sia
75%
2023 "As It Was" Harry Styles
74%
2011 "Empire State of Mind" Jay-Z feat. Alicia Keys
74%
2006 "Gold Digger" Kanye West
74%
2002 "Fallin" Alicia Keys
73%
2014 "Royals" Lorde
73%
2000 "I Want It That Way" Backstreet Boys
72%
2022 "Kiss Me More" Doja Cat feat. SZA
72%
2019 "All the Stars" Kendrick Lamar & SZA
72%
2024 "Kill Bill" SZA
72%
2022 "Montero (Call Me By Your Name)" Lil Nas X
71%
2015 "All About That Bass" Meghan Trainor
70%
2004 "Hey Ya!" Outkast
70%
2002 "Ms. Jackson" Outkast
70%
2016 "Can't Feel My Face" The Weeknd
69%
1994 "I Will Always Love You" Whitney Houston
69%
1987 "Greatest Love of All" Whitney Houston
69%
2008 "Rehab" Amy Winehouse
68%
2025 "Good Luck, Babe!" Chappell Roan
68%
2023 "About Damn Time" Lizzo
68%
2020 "Truth Hurts" Lizzo
68%
2014 "Blurred Lines" Robin Thicke feat. T.I. & Pharrell Williams
67%
2006 "Hollaback Girl" Gwen Stefani
66%
1983 "Steppin' Out" Joe Jackson
66%
1995 "He Thinks He'll Keep Her Mary Chapin Carpenter
66%
1979 "Stayin' Alive" Bee Gees
65%
2001 "Bye Bye Bye" *NSYNC
65%
1985 "Girls Just Want to Have Fun" Cyndi Lauper
64%
2014 "Radioactive" Imagine Dragons
64%
2015 "Stay with Me" Sam Smith
63%
1995 "Streets of Philadelphia" Bruce Springsteen
62%
1986 "Born in the U.S.A." Bruce Springsteen
62%
1985 "Dancing in the Dark" Bruce Springsteen
62%
2019 "This Is America" Childish Gambino
62%
2018 "Redbone" Childish Gambino
62%
2015 "Fancy" Iggy Azalea feat. Charli XCX
62%
2002 "Walk On" U2
62%
2001 "Beautiful Day" U2
62%
1988 "I Still Haven't Found What I'm Looking For" U2
62%
2025 "360" Charli XCX
61%
1978 "Hotel California" Eagles
61%
1976 "Lyin' Eyes" Eagles
61%
2000 "No Scrubs" TLC
61%
1996 "Waterfalls" TLC
61%
2002 "Drops of Jupiter" Train
61%
2023 "Woman" Doja Cat
60%
2021 "Say So" Doja Cat
60%
1975 "Don't Let the Sun Go Down on Me" Elton John
59%
1984 "Every Breath You Take" The Police
59%
1972 "You've Got a Friend" James Taylor
58%
1971 "Fire and Rain" James Taylor
58%
2013 "Stronger (What Doesn't Kill You)" Kelly Clarkson
58%
2000 "Livin' la Vida Loca" Ricky Martin
58%
2021 "Don't Start Now" Dua Lipa
57%
1981 "Theme from New York, New York" Frank Sinatra
56%
1967 "Strangers in the Night" Frank Sinatra
56%
1962 "The Second Time Around" Frank Sinatra
56%
1961 "Nice 'n' Easy" Frank Sinatra
56%
1959 (Nov.) "High Hopes" Frank Sinatra
56%
1959 (May) "Witchcraft" Frank Sinatra
56%
1965 "Downtown" Petula Clark
56%
1967 "Almost Persuaded" David Houston
55%
1968 "Somethin' Stupid Frank Sinatra & Nancy Sinatra
55%
1998 "I Believe I Can Fly" R. Kelly
55%
1997 "Give Me One Reason" Tracy Chapman
55%
1989 "Fast Car" Tracy Chapman
55%
1994 "The River of Dreams" Billy Joel
54%
1990 "We Didn't Start the Fire" Billy Joel
54%
1979 "Just the Way You Are" Billy Joel
54%
1974 "You're So Vain" Carly Simon
54%
1996 "Gangsta's Paradise" Coolio
54%
1999 "Iris" Goo Goo Dolls
54%
2008 "What Goes Around...Comes Around" Justin Timberlake
54%
2001 "Music" Madonna
54%
1999 "Ray of Light" Madonna
54%
2004 "Where Is the Love?" The Black Eyed Peas & Justin Timberlake
54%
1986 "The Power of Love" Huey Lewis and the News
53%
1985 "The Heart of Rock & Roll Huey Lewis and the News
53%
2006 "We Belong Together" Mariah Carey
53%
1991 "Vision of Love" Mariah Carey
53%
2000 "Believe" Cher
52%
1996 "One Sweet Day" Mariah Carey & Boyz II Men
52%
1988 "Graceland" Paul Simon
52%
1977 "50 Ways to Leave Your Lover" Paul Simon
52%
2017 "Stressed Out" Twenty One Pilots
52%
1972 "It's Too Late" Carole King
50%
2019 "Shallow" Lady Gaga & Bradley Cooper
50%
1993 "Save the Best for Last" Vanessa Williams
50%
2021 "Rockstar" DaBaby feat. Roddy Ricch
49%
1992 "Losing My Religion" R.E.M.
49%
1985 "What's Love Got to Do with It" Tina Turner
49%
2009 "Bleeding Love" Leona Lewis
48%
1961 "Are You Lonesome Tonight?" Elvis Presley
46%
1959 (Nov.) "A Fool Such as I" Elvis Presley
46%
1996 "Kiss from a Rose" Seal
46%
1991 "Nothing Compares 2 U" Sinead O'Connor
46%
1991 "U Can't Touch This" MC Hammer
45%
1980 "I Will Survive" Gloria Gaynor
44%
1971 "Bridge over Troubled Water" Simon & Garfunkel
44%
1969 "Mrs. Robinson" Simon & Garfunkel
44%
1997 "Ironic" Alanis Morissette
43%
1974 "Behind Closed Doors" Charlie Rich
43%
2014 "Get Lucky" Daft Punk feat. Pharrell Williams & Nile Rodgers
43%
1984 "All Night Long (All Night)" Lionel Richie
43%
1983 "Ebony and Ivory" Paul McCartney & Stevie Wonder
43%
1981 "Woman in Love" Barbra Streisand
42%
1978 "Evergreen (Love Theme from A Star Is Born) Barbra Streisand
42%
1965 "People" Barbra Streisand
42%
1964 "Happy Days Are Here Again Barbra Streisand
42%
1987 "That's What Friends Are For" Dionne Warwick, Elton John, Gladys Knight, and Stevie Wonder
42%
2020 "Sunflower" Post Malone & Swae Lee
42%
1974 "You Are the Sunshine of My Life" Stevie Wonder
42%
1992 "(Everything I Do) I Do It for You" Bryan Adams
40%
1982 "Endless Love" Diana Ross & Lionel Richie
40%
2003 "How You Remind Me" Nickelback
40%
1997 "Change the World" Eric Clapton
39%
1993 "Tears in Heaven" Eric Clapton
39%
2009 "Paper Planes" M.I.A.
39%
2003 "A Thousand Miles" Vanessa Carlton
39%
2023 "Don't Shut Me Down" ABBA
38%
2022 "I Still Have Faith in You" ABBA
38%
1999 "You're Still the One" Shania Twain
38%
1973 "American Pie" Don McLean
37%
1998 "MMMBop" Hanson
37%
1982 "(Just Like) Starting Over" John Lennon
37%
1981 "Lady" Kenny Rogers
37%
1980 "The Gambler" Kenny Rogers
37%
2003 "Don't Know Why" Norah Jones
37%
2005 "Here We Go Again" Ray Charles & Norah Jones
37%
2007 "You're Beautiful" James Blunt
36%
1972 "My Sweet Lord" George Harrison
35%
1991 "From a Distance" Bette Midler
34%
1990 "Wind Beneath My Wings" Bette Midler
34%
1981 "The Rose" Bette Midler
34%
1986 "Money for Nothing" Dire Straits
34%
2013 "Somebody That I Used to Know" Gotye feat. Kimbra
34%
1984 "Flashdance... What a Feeling" Irene Cara
34%
1964 "Wives and Lovers" Jack Jones
34%
1970 "A Boy Named Sue" Johnny Cash
34%
2017 "7 Years" Lukas Graham
34%
2007 "Crazy" Gnarls Barkley
33%
1991 "Another Day in Paradise" Phil Collins
33%
1995 "I'll Make Love to You" Boyz II Men
32%
1999 "The Boy Is Mine" Brandy & Monica
32%
2010 "Use Somebody" Kings of Leon
32%
1975 "Feel Like Makin' Love" Roberta Flack
32%
1974 "Killing Me Softly with His Song" Roberta Flack
32%
1973 "The First Time Ever I Saw Your Face" Roberta Flack
32%
2000 "Smooth" Santana feat. Rob Thomas
32%
1998 "Everyday Is a Winding Road" Sheryl Crow
32%
1995 "All I Wanna Do" Sheryl Crow
32%
2023 "Bad Habit" Steve Lacy
32%
1983 "Rosanna" Toto
31%
1992 "Unforgettable" Natalie Cole with Nat King Cole
29%
1994 "If I Ever Lose My Faith in You" Sting
29%
1971 "(They Long to Be) Close to You" The Carpenters
29%
1966 "The Shadow of Your Smile (Love Theme From "The Sandpiper")" Tony Bennett
29%
1964 "I Wanna Be Around" Tony Bennett
29%
1963 "I Left My Heart in San Francisco" Tony Bennett
29%
1977 "I Write the Songs" Barry Manilow
28%
1976 "Mandy" Barry Manilow
28%
2019 "Rockstar" Post Malone feat. 21 Savage
28%
1986 "We Are the World" USA for Africa
28%
1980 "You Don't Bring Me Flowers" Barbra Streisand & Neil Diamond
27%
1973 "Song Sung Blue" Neil Diamond
27%
1998 "Where Have All the Cowboys Gone?" Paula Cole
27%
1987 "Sledgehammer" Peter Gabriel
27%
1963 "I Can't Stop Loving You" Ray Charles
27%
1961 "Georgia on My Mind" Ray Charles
27%
1997 "1979" The Smashing Pumpkins
27%
1983 "Always on My Mind" Willie Nelson
27%
1989 "Don't Worry, Be Happy" Bobby McFerrin
26%
2013 "We Are Young" Fun. feat. Janelle Monae
26%
2001 "I Try" Macy Gray
26%
1985 "Hard Habit to Break" Chicago
25%
1977 "If You Leave Me Now" Chicago
25%
1990 "The End of the Innocence" Don Henley
25%
1986 "The Boys of Summer" Don Henley
25%
1982 "Bette Davis Eyes" Kim Carnes"
25%
1994 "Harvest Moon" Neil Young
25%
1989 "Roll with It" Steve Winwood
25%
1988 "Back in the High Life Again" Steve Winwood
25%
1987 "Higher Love" Steve Winwood
25%
2019 "The Middle" Zedd, Maren Morris & Grey
25%
1975 "I Honestly Love You" Olivia Newton-John
24%
1970 "Is That All There Is?" Peggy Lee
24%
1959 (May) "Fever" Peggy Lee
24%
1980 "What a Fool Believes" The Doobie Brothers
24%
2005 "Yeah!" Usher feat. Lil Jon & Ludacris
24%
2019 "I Like It" Cardi B, Bad Bunny & J Balvin
23%
1982 "Arthur's Theme (Best That You Can Do)" Christopher Cross
23%
1981 "Sailing" Christopher Cross
23%
1976 "Rhinestone Cowboy" Glen Campbell
22%
1969 "Wichita Lineman" Glen Campbell
22%
1968 "By the Time I Get to Phoenix" Glen Campbell
22%
2024 "Worship" Jon Batiste
22%
2022 "Freedom" Jon Batiste
22%
2005 "Heaven" Los Lonely Boys
22%
1987 "Addicted to Love" Robert Palmer"
22%
1993 "Constant Craving" k.d. lang
21%
2023 "Good Morning Gorgeous" Mary J. Blige
21%
2007 "Be Without You" Mary J. Blige
21%
1967 "Monday, Monday" The Mamas and the Papas
21%
2006 "Feel Good Inc." Gorillaz feat. De La Soul
20%
2003 "Dilemma" Nelly feat. Kelly Rowland
20%
2020 "Hey, Ma" Bon Iver
19%
2012 "Holocene" Bon Iver
19%
1990 "She Drives Me Crazy" Fine Young Cannibals
19%
1972 "Theme from Shaft" Isaac Hayes
19%
2022 "Peaches" Justin Bieber feat. Daniel Caesar & Giveon
19%
2007 "Not Ready to Make Nice" The Chicks
19%
1959 (Nov.) "Mack the Knife" Bobby Darin
18%
1995 "Love Sneakin' Up On You" Bonnie Raitt
18%
1992 "Something to Talk About" Bonnie Raitt
18%
2024 "Not Strong Enough" Boygenius
18%
1993 "Beauty and the Beast" Celine Dion & Peabo Bryson
18%
1980 "After the Love Has Gone" Earth, Wind & Fire
18%
2013 "Thinkin Bout You" Frank Ocean
18%
2020 "Talk" Khalid
18%
1988 "La Bamba" Los Lobos
18%
1965 "Hello, Dolly!" Louis Armstrong
18%
2012 "The Cave" Mumford & Sons
18%
1976 "Love Will Keep Us Together" Captain & Tennille
17%
1978 "You Light Up My Life" Debby Boone
17%
2008 "The Pretender" Foo Fighters
17%
2020 "Hard Place H.E.R.
17%
1974 "Bad, Bad Leroy Brown Jim Croce
16%
1988 "Luka" Suzanne Vega
16%
2013 "Lonely Boy" The Black Keys
16%
1972 "Joy to the World" Three Dog Night
16%
1983 "Chariots of Fire" Vangelis
16%
1992 "Baby Baby" Amy Grant
15%
1979 "Baker Street" Gerry Rafferty
15%
1996 "One of Us" Joan Osborne
15%
1978 "Blue Bayou" Linda Ronstadt
15%
1984 "Maniac" Michael Sembello
15%
2009 "Please Read the Letter" Robert Plant & Alison Krauss
15%
2024 "On My Mama" Victoria Monét
15%
2007 "Put Your Records On" Corinne Bailey Rae
14%
1973 "Alone Again (Naturally)" Gilbert O'Sullivan
14%
1966 "King of the Road" Roger Miller
14%
1989 "Giving You the Best That I Got" Anita Baker
13%
1971 "Everything Is Beautiful" Ray Stevens
13%
1970 "Aquarius/Let the Sunshine In" The 5th Dimension
13%
1968 "Up, Up and Away" The 5th Dimension
13%
1982 "Just the Two of Us" Grover Washington Jr. with Bill Withers
12%
1973 "Without You" Harry Nilsson
12%
1979 "You Needed Me" Anne Murray
11%
1970 "Love Theme from Romeo and Juliet" Henry Mancini
11%
1964 "Days of Wine and Roses" Henry Mancini
11%
1962 "Moon River" Henry Mancini
11%
1962 "Big Bad John" Jimmy Dean
11%
1975 "Help Me" Joni Mitchell
11%
1990 "The Living Years" Mike + The Mechanics
11%
1963 "What Kind of Fool Am I?" Sammy Davis Jr.
11%
1977 "Afternoon Delight" Starland Vocal Band
11%
2022 "Right on Time" Brandi Carlile
10%
2019 "The Joke" Brandi Carlile
10%
1961 "Theme from A Summer Place" Percy Faith
10%
1976 "At Seventeen" Janis Ian
9%
1994 "A Whole New World" Peabo Bryson & Regina Belle
9%
1965 "The Girl from Ipanema" Stan Getz & Astrud Gilberto
9%
1970 "Spinning Wheel" Blood, Sweat & Tears
8%
1968 "Ode to Billie Joe" Bobbie Gentry
8%
1978 "Don't It Make My Brown Eyes Blue" Crystal Gale
8%
1961 "Mack the Knife" Ella Fitzgerald
8%
1959 (May) "Catch a Falling Star" Perry Como
8%
1998 "Sunny Came Home" Shawn Colvin
8%
1977 "This Masquerade" George Benson
7%
1969 "Harper Valley PTA Jeannie C. Riley
7%
2021 "Colors" Black Pumas
6%
1969 "Honey" Bobby Goldsboro
6%
1979 "Feels So Good" Chuck Mangione
6%
1959 (May) "The Chipmunk Song (Christmas Don't Be Late)" Dave Seville
6%
2002 "Video" India.Arie
6%
1964 "Dominique" The Singing Nun
6%
2016 "Really Love" D'Angelo & The Vanguard
5%
1963 "Desafinado" Stan Getz & Charlie Byrd
5%
2023 "You and Me on the Rock" Brandi Carlile feat. Lucius
4%
1967 "What Now My Love" Herb Alpert & the Tijuana Brass
4%
1966 "A Taste of Honey" Herb Alpert & the Tijuana Brass
4%
1975 "Midnight at the Oasis Maria Muldaur
4%
1959 (Nov.) "The Three Bells" The Browns
4%
1962 "Take Five" The Dave Brubeck Quartet
4%
1967 "Winchester Cathedral" The New Vaudeville Band
4%
1959 (Nov.) "Like Young" André Previn
3%
1968 "My Cup Runneth Over" Ed Ames
3%
1963 "Fly Me to the Moon Bossa Nova" Joe Harnell & His Orchestra
3%
1966 "The 'In' Crowd" Ramsey Lewis Trio
3%
1962 "(Up a Lazy River" Si Zentner
3%
1959 (May) "Nel Blu Dipinto Di Blu (Volare)" Domenico Modungo
1%
No matching quizzes found
Score Distribution
Percent of People with Each Score
Percentile by Number Answered
Your Score History
You have not taken this quiz